| 000 | 01075nas a2200313 4500 | ||
|---|---|---|---|
| 001 | BR2012001832 | ||
| 003 | BR-BrBNA | ||
| 005 | 20231205120315.0 | ||
| 007 | ta | ||
| 008 | 230509b bl.|||p| |||| 00| 00por d | ||
| 040 |
_aBR-BrBNA _bpor _cBiblioteca Nacional de Agricultura |
||
| 041 | _a(Pt) | ||
| 072 | _aL51 | ||
| 100 | 1 | _aSantos, F.A.P. | |
| 100 | 1 | _aLima, N.V.A. | |
| 100 | 1 | _aSucupira, M.C. | |
| 100 | 1 | _aNascimento, A. | |
| 245 | 1 | _aDesempenho de bovinos Nelore inteiros de sobreano em confinamento (crescimento/terminação), suplementados com injeção subcutânea de uma solução de aminoácidos, minerais e vitaminas (MOV- Modificador Orgânico Vallée | |
| 650 | _aGADO NELORE | ||
| 650 | _aGADO DE CORTE | ||
| 650 | _aINJEÇÃO | ||
| 650 | _aSUPLEMENTO ALIMENTAR | ||
| 650 | _aSUPLEMENTO VITAMÍNICO | ||
| 650 | _aSUPLEMENTO MINERAL | ||
| 650 | _aCIRURGIA | ||
| 773 | 0 |
_tA Hora Veterinária (Brazil) _xISSN 0101-9163 _g(Mar-Apr 2004), v. 23(138) p. 31-32 _wBR2012001832 |
|
| 909 |
_a202311 _bLúcia _c55 _dLúcia Elande |
||
| 942 |
_2AGRIS _n0 _cANA |
||
| 999 |
_c217868 _d217868 |
||